[Event "Stay Safe Play From Home 229"]
[Site "Emanuel Lasker Arena"]
[Date "2020.06.16"]
[Round "8"]
[White "Rachomtbg"]
[Black "Mepe_Nika"]
[Result "1-0"]
[WhiteElo "1905"]
[BlackElo "2317"]
[Annotator "TA"]
[PlyCount "69"]
[EventDate "2020.06.16"]
[EventType "swiss (blitz)"]

{[%evp 9,68,40,60,52,45,32,28,41,43,34,64,-52,53,6,9,0,53,52,42,27,35,-11,94,-24,-13,-124,-20,-21,-25,-19,0,-42,-35,-66,0,0,0,0,36,4,30,0,4,0,35,-553,-532,-516,-477,-466,-409,-379,-52,-51,-47,-47,168,0,29993,0,29999]} 1. e4 d5 2. exd5 c6 3. dxc6 e5 4. c7 Qxc7 5. Nc3 Nf6 6. Bb5+ {B01: Scandinavian Defence.} Nc6 {[#]} 7. d3 $146 ({Predecessor:} 7. h3 Bc5 8. Nf3 e4 9. Bxc6+ bxc6 10. Nh2 Ba6 11. d3 exd3 12. cxd3 Bxf2+ 13. Kxf2 {1-0 (27) Rametta,M (1738)-De Rasis,G (1873) Amantea 2009}) 7... Bb4 8. Nf3 {White has an edge.} O-O 9. O-O Bg4 10. h3 (10. Bxc6 $14 bxc6 11. h3) 10... Bh5 ({Black should play} 10... Bxf3 $1 $15 11. gxf3 Nd4) 11. Bxc6 (11. g4 {is interesting.} Bg6 12. Bxc6 bxc6 13. Nh4 Nd5 14. Nxg6 hxg6 15. Ne4) 11... Qxc6 12. Bd2 Bxc3 (12... Rfe8 $11) 13. Bxc3 $14 {aiming for g4.} e4 14. dxe4 (14. Nd4 $5 {[%cal Rd4c6]} Qb6 15. Qd2 $14) 14... Nxe4 15. Ne5 Nxc3 (15... Qxc3 $11 {keeps the balance.} 16. Qxh5 Qc5) 16. Nxc6 (16. Qxh5 $16 Qc5 17. bxc3) 16... Nxd1 $11 17. Ne7+ Kh8 18. g4 $1 Nxb2 {And now ...Bg6 would win.} 19. gxh5 Rfe8 20. Nf5 Re5 21. Ne3 Rxh5 (21... Na4 $15) 22. Rab1 Na4 $36 {[%mdl 2048] Black is more active.} 23. Rxb7 f6 24. Kh2 Nc5 25. Rc7 Ne4 26. Rg1 Ng5 {Threatens to win with ...Nf3+.} 27. Nf5 $2 {[%mdl 8192]} (27. Rg3 $14 {keeps the upper hand.}) 27... Nf3+ $19 {[%mdl 64] [#] Double Attack} 28. Kg2 Rxf5 29. Rd1 Nh4+ 30. Kg3 g5 $2 (30... Ng6 $19 {Strongly threatening ...h5.} 31. Rxa7 Rg8) 31. Rdd7 $1 $15 Rf3+ 32. Kg4 {[#]} f5+ $2 (32... h5+ $1 $15 {stays ahead.} 33. Kxh5 Nf5) 33. Kh5 $2 (33. Kxg5 $18 a5 34. Kxh4 (34. Rxh7+ Kg8 $18)) 33... Kg8 $2 {[%mdl 8192]} ({Weaker is} 33... Rxf2 34. Rxh7+ Kg8 35. Rcg7+ Kf8 36. Kh6 Ng6 37. Kxg6 Rxc2 38. Rh8#) (33... Rxh3 $11 34. Rxh7+ Kg8 35. Rcg7+ Kf8) 34. Rxh7 $2 (34. Rg7+ {mates} Kf8 35. Rxh7 Kg8 36. Rcg7+ Kf8 37. Kh6 Ng6 38. Kxg6 Rxh3 {[%mdl 64] Remove Defender} 39. Rxh3 g4 40. Rh8#) 34... Kf8 $2 {[%mdl 8192]} (34... Ng2 $11 35. Rcg7+ Kf8) 35. Rh8# {Accuracy: White = 51%, Black = 37%.} 1-0

[Event "Stay Safe Play From Home 229"]
[Site "Emanuel Lasker Arena"]
[Date "2020.06.16"]
[Round "8"]
[White "SecantFX"]
[Black "Edmatuag"]
[Result "1-0"]
[WhiteElo "1856"]
[BlackElo "1685"]
[Annotator "NA RC"]
[PlyCount "85"]
[EventDate "2020.06.16"]
[EventType "swiss (blitz)"]

1. g3 {[%emt 0:00:00]} d6 {[%emt 0:00:01]} 2. Bg2 {[%emt 0:00:00]} e5 {[%emt 0:00:00]} 3. f4 {[%emt 0:00:01]} exf4 {[%emt 0:00:02]} 4. gxf4 {[%emt 0:00:01]} Bf5 {[%emt 0:00:01]} 5. Nf3 {[%emt 0:00:01]} Nc6 {[%emt 0:00:01]} 6. d3 {[%emt 0:00:00]} f6 {[%emt 0:00:02]} 7. O-O {[%emt 0:00:00]} Nh6 {[%emt 0:00:01]} 8. e4 {[%emt 0:00:00]} Bd7 {[%emt 0:00:02]} 9. f5 {[%emt 0:00:00]} Ng4 {[%emt 0:00:01]} 10. h3 {[%emt 0:00:01]} Nge5 {[%emt 0:00:01]} 11. Nxe5 {[%emt 0:00:01]} Nxe5 {[%emt 0:00:00]} 12. Bf4 {[%emt 0:00:01]} d5 {[%emt 0:00:01]} 13. d4 {[%emt 0:00:01]} Nf7 {[%emt 0:00:02]} 14. exd5 {[%emt 0:00:01]} Bd6 {[%emt 0:00:01]} 15. c4 {[%emt 0:00:02]} O-O {[%emt 0:00:02]} 16. Qg4 {[%emt 0:00:03]} Bxf4 {[%emt 0:00:01]} 17. Qxf4 {[%emt 0:00:01]} c6 {[%emt 0:00:02]} 18. dxc6 {[%emt 0:00:02]} Bxc6 {[%emt 0:00:01]} 19. d5 {[%emt 0:00:01]} Bd7 {[%emt 0:00:02]} 20. Nc3 {[%emt 0:00:01]} b6 {[%emt 0:00:01]} 21. b3 {[%emt 0:00:01]} Rc8 {[%emt 0:00:01]} 22. Rae1 {[%emt 0:00:02]} Qc7 {[%emt 0:00:01]} 23. Qxc7 {[%emt 0:00:02]} Rxc7 {[%emt 0:00:00]} 24. Ne4 {[%emt 0:00:01]} Rfc8 {[%emt 0:00:02]} 25. Ng3 {[%emt 0:00:01]} b5 {[%emt 0:00:01]} 26. Re7 {[%emt 0:00:04]} bxc4 {[%emt 0:00:02]} 27. bxc4 {[%emt 0:00:01]} Ba4 {[%emt 0:00:01]} 28. Rxc7 {[%emt 0:00:08]} Rxc7 {[%emt 0:00:00]} 29. Rc1 {[%emt 0:00:01]} Nd6 {[%emt 0:00:03]} 30. Bf1 {[%emt 0:00:02]} Bd7 {[%emt 0:00:02]} 31. Bd3 {[%emt 0:00:02]} Rc5 {[%emt 0:00:01]} 32. Kf2 {[%emt 0:00:01]} Bb5 {[%emt 0:00:02]} 33. Ke3 {[%emt 0:00:02]} Nxc4+ {[%emt 0:00:02]} 34. Kd4 {[%emt 0:00:01]} Rc8 {[%emt 0:00:06]} 35. Bxc4 {[%emt 0:00:01]} Bxc4 {[%emt 0:00:01]} 36. Rxc4 {[%emt 0:00:00]} Rd8 {[%emt 0:00:01]} 37. Ne4 {[%emt 0:00:01]} h6 {[%emt 0:00:00]} 38. d6 {[%emt 0:00:00]} Kh7 {[%emt 0:00:01]} 39. Kd5 {[%emt 0:00:00]} a5 {[%emt 0:00:01]} 40. Ke6 {[%emt 0:00:01]} g6 {[%emt 0:00:01]} 41. Nxf6+ {[%emt 0:00:01]} Kg7 {[%emt 0:00:02]} 42. fxg6 {[%emt 0:00:01]} Kxg6 {[%emt 0:00:01]} 43. d7 {[%emt 0:00:00] Time (Lag: Av=0.54s, max=1.6s)} 1-0

[Event "Stay Safe Play From Home 229"]
[Site "Emanuel Lasker Arena"]
[Date "2020.06.16"]
[Round "8"]
[White "Tartak"]
[Black "Klasman"]
[Result "1-0"]
[WhiteElo "1576"]
[BlackElo "1267"]
[Annotator "NA RC"]
[PlyCount "47"]
[EventDate "2020.06.16"]
[EventType "swiss (blitz)"]

1. e4 {[%emt 0:00:01]} f5 {[%emt 0:00:01]} 2. exf5 {[%emt 0:00:01]} Nf6 {[%emt 0:00:01]} 3. d4 {[%emt 0:00:00]} d5 {[%emt 0:00:01]} 4. Bd3 {[%emt 0:00:01]} Nc6 {[%emt 0:00:03]} 5. Nf3 {[%emt 0:00:01]} e6 {[%emt 0:00:02]} 6. Be3 {[%emt 0:00:02]} exf5 {[%emt 0:00:02]} 7. Nc3 {[%emt 0:00:01]} Bd6 {[%emt 0:00:02]} 8. Qe2 {[%emt 0:00:01]} O-O {[%emt 0:00:02]} 9. O-O-O {[%emt 0:00:01]} f4 {[%emt 0:00:03]} 10. Bd2 {[%emt 0:00:02]} Re8 {[%emt 0:00:01]} 11. Qf1 {[%emt 0:00:01]} Bg4 {[%emt 0:00:03]} 12. Re1 {[%emt 0:00:02]} Bxf3 {[%emt 0:00:02]} 13. Rxe8+ {[%emt 0:00:01]} Qxe8 {[%emt 0:00:02]} 14. gxf3 {[%emt 0:00:01]} Nxd4 {[%emt 0:00:01]} 15. Qh3 {[%emt 0:00:01]} c5 {[%emt 0:00:03]} 16. Nxd5 {[%emt 0:00:04]} Nxd5 {[%emt 0:00:09]} 17. Qxh7+ {[%emt 0:00:01]} Kf8 {[%emt 0:00:02]} 18. Bg6 {[%emt 0:00:05]} Qe2 {[%emt 0:00:07]} 19. Re1 {[%emt 0:00:04]} Qxe1+ {[%emt 0:00:03]} 20. Bxe1 {[%emt 0:00:01]} Nxf3 {[%emt 0:00:01]} 21. Bc3 {[%emt 0:00:02]} Ne5 {[%emt 0:00:04]} 22. Qh8+ {[%emt 0:00:02]} Ke7 {[%emt 0:00:03]} 23. Qxa8 {[%emt 0:00:00]} Nxg6 {[%emt 0:00:02]} 24. Qxb7+ {[%emt 0:00:01] Time (Lag: Av=0.70s, max=1.1s)} 1-0

[Event "Stay Safe Play From Home 229"]
[Site "Emanuel Lasker Arena"]
[Date "2020.06.16"]
[Round "9"]
[White "Mepe_Nika"]
[Black "Tartak"]
[Result "1-0"]
[WhiteElo "2286"]
[BlackElo "1581"]
[Annotator "TA"]
[PlyCount "71"]
[EventDate "2020.06.16"]
[EventType "swiss (blitz)"]

{[%evp 11,71,6,14,3,4,0,167,55,58,25,51,53,89,56,121,135,185,110,126,66,841,233,220,233,249,246,393,272,531,329,360,284,285,45,187,168,285,285,262,0,0,0,0,-83,-72,-1089,49,54,61,76,135,150,187,191,181,155,183,179,231,224,242,227]} 1. b3 e6 2. Bb2 d5 3. f4 c5 4. Nf3 Nc6 5. e3 Nf6 6. Bb5 Bd6 7. Bxc6+ {A03: Bird's Opening with 1...d5.} bxc6 8. O-O Ne4 $2 (8... O-O $11) 9. d3 (9. Bxg7 $18 Rg8 10. Bb2) 9... Nf6 $14 {[#]} 10. Nbd2 $146 ({Predecessor:} 10. Qe1 O-O 11. Nbd2 Re8 12. Ne5 Bb7 13. Ndf3 Nd7 14. Qg3 f6 15. Ng4 d4 16. exd4 cxd4 17. Bxd4 {1-0 (53) Wolf,A (1762)-Thormann,W (1857) Uckley 2000}) 10... Qb6 11. Kh1 Ba6 12. Ne5 h5 (12... O-O $14) 13. Ndf3 $16 Ng4 {[#]} 14. Ng5 (14. Nxg4 $1 $18 {Threatens to win with Nf2.} hxg4 15. Ng5) 14... Nxe3 {[%mdl 64] Double Attack} 15. Qe2 (15. Qf3 $16 Bxe5 16. fxe5) 15... Nxf1 $4 {[%mdl 8192]} (15... Bxe5 $14 16. fxe5 Nxf1 17. Rxf1 Qa5) 16. Rxf1 $2 (16. Nexf7 Rh6 17. Nxd6+ Kd7 18. Rxf1) 16... Bxe5 $18 17. Qxe5 {Strongly threatening Nxf7!} O-O-O {White should prevent ...f6.} 18. Nxf7 {[%mdl 64] Double Attack} c4 (18... Rhe8 $142 19. Nxd8 Qxd8 20. Qxg7 Qd7) 19. Qxe6+ (19. Nxd8 Rxd8 20. dxc4 dxc4 $18) 19... Kc7 $2 (19... Kb7 20. Nxh8 Rxh8 21. Bxg7 Rc8 22. dxc4 dxc4) 20. dxc4 dxc4 {intending ...c3.} 21. Be5+ (21. Nxd8 Rxd8 22. Be5+ Kb7 $18) 21... Kb7 22. Nd6+ $2 ({Less strong is} 22. Bxg7 cxb3 23. Bxh8 Bxf1 $16) (22. Nxd8+ $18 Rxd8 23. Qe7+ Kc8 24. Re1) 22... Rxd6 ({Black should play} 22... Ka8 $14 23. bxc4 (23. Nxc4 Qc5 $11) 23... c5) 23. Qxd6 {Black must now prevent Rd1.} Rd8 (23... cxb3 $142 24. Rb1 Ka8) 24. Qe7+ {[%mdl 64] Double Attack} Kc8 25. Bxg7 $2 (25. Re1 $18) 25... cxb3 $11 26. Qe6+ $1 Kb8 27. Be5+ (27. Rb1 $11 {remains equal.} bxc2 28. Rxb6+ axb6 29. Be5+ Ka7 30. Qe7+ {[%mdl 64] Double Attack} Bb7 31. Qa3+ Ba6 32. Qe7+ {[%mdl 64] Double Attack} Bb7 33. Qa3+ Ba6 34. Qe7+ {[%mdl 64] Double Attack}) 27... Ka8 $17 28. Rg1 $2 {[%mdl 8192]} (28. Bf6 $17 Rb8 29. Rc1) 28... b2 $2 (28... bxc2 $19 {( -> ...Qxg1+!)} 29. h3 {[#]} Qxg1+ $1 {[%mdl 576] Promotion} 30. Kxg1 c1=Q+ 31. Kh2 Bf1) 29. Qb3 $1 $14 Qxb3 ({Not} 29... Qxg1+ $2 30. Kxg1 Bc4 31. Qxb2 $18) 30. axb3 {[%cal Ba2b3,Bb3b4][%mdl 4128] Endgame KRB-KRB} b1=Q (30... Rd2 $142) 31. Rxb1 $16 {White is clearly better.} Be2 32. h3 Kb7 33. b4 Kb6 34. c3 Kb5 (34... c5 $142 35. Rb2 Bc4) 35. Bd4 $18 Bc4 36. Bxa7 {Accuracy: White = 42%, Black = 27%.} 1-0

[Event "Stay Safe Play From Home 229"]
[Site "Emanuel Lasker Arena"]
[Date "2020.06.16"]
[Round "9"]
[White "Toosieslide"]
[Black "Bardellosport"]
[Result "1-0"]
[WhiteElo "2271"]
[BlackElo "2068"]
[Annotator "TA"]
[PlyCount "149"]
[EventDate "2020.06.16"]
[EventType "swiss (blitz)"]

{[%evp 12,148,44,35,70,72,54,8,99,-2,96,-33,129,55,59,31,81,63,87,72,87,90,125,124,173,170,200,160,246,183,217,176,182,184,183,180,193,203,285,256,393,242,251,196,269,256,457,244,287,251,418,393,963,977,902,857,845,906,1175,1169,1109,1099,1082,997,1060,1021,1028,1113,1010,999,2131,2183,2282,2170,3414,3134,29983,1606,1339,1071,1020,746,1492,1520,29982,29983,29984,29985,29985,29986,29986,29987,29987,29988,29988,29988,29989,29990,29990,29991,29992,29992,29993,29994,29996,29986,29986,29987,29987,29988,29992,29993,29994,29994,29994,29993,29994,29993,29993,29993,29993,29992,29992,29992,29993,29994,29994,29995,29995,29995,29995,29993,29996,29997,29997,29997,29999,29999,29999]} 1. d4 d6 2. c4 Nd7 3. Nc3 Ngf6 4. e4 e5 5. f3 Be7 6. Nge2 c6 7. Be3 Qc7 {A53: Old Indian Defence without Nf3.} 8. Qd2 a6 9. O-O-O b6 {[#]} (9... h5 $11) 10. g3 $146 (10. g4 $16) ({Predecessor:} 10. Kb1 c5 11. dxe5 dxe5 12. g4 Bb7 13. g5 Nh5 14. Bh3 Rd8 15. Nd5 Bxd5 16. cxd5 {1-0 (32) Reis Luis,S-Farinha,J Lisbon 1998}) 10... Bb7 (10... h5 $11) 11. Bg2 (11. g4 $16) 11... O-O-O $2 (11... b5 $15 {keeps the upper hand.}) 12. f4 ({White should play} 12. Kb1 $16) 12... Kb8 13. Rhf1 c5 14. d5 {Black is on the road to losing.} Ka7 15. f5 g6 16. h3 gxf5 17. Rxf5 Rhg8 18. g4 Rdf8 19. Rdf1 Ne8 (19... h5 $16 {was called for.}) 20. Ng3 f6 21. Nh5 Ng7 22. Nxg7 Rxg7 23. Bh6 {[%mdl 64] Skewer} Rgf7 24. Bxf8 Bxf8 (24... Nxf8 {was necessary.} 25. R5f2 Ng6) 25. g5 b5 (25... Qd8 {might work better.} 26. b3 Be7) 26. gxf6 b4 27. Nd1 {Black must now prevent Qg5.} Qa5 (27... Qd8 $142 28. b3 Nxf6) 28. b3 $18 Qa3+ $2 (28... Qd8 {is a better defense.} 29. Nf2 Nxf6) 29. Qb2 (29. Kb1 $142) 29... Qa5 30. Bf3 Qc7 $2 (30... Bh6+ {keeps fighting.} 31. Kb1 Qd8) 31. Bh5 Nb8 $2 (31... Bh6+ 32. Kb1 Rf8) 32. Bxf7 Qxf7 33. Qe2 Qg6 34. Qg4 Qf7 35. Qh5 Qc7 36. f7 Qa5 37. Qe2 Qc7 38. Rg1 Nd7 39. Rg8 Qd8 40. Qg4 Qe7 41. Qg5 Qxg5+ 42. Rfxg5 Be7 43. R5g7 Nf8 {[#]} 44. Rxh7 (44. Rxf8 $142 $1 Bxf8 45. Rxh7 a5 46. Rh8 Bg7 47. Ne3 Bf6 48. f8=Q Bxh8 49. Qxh8) 44... Nxh7 45. Nf2 Nf8 46. Ng4 a5 {[#]} 47. Nf6 $1 {[%mdl 576] Deflection} Bxf6 48. Rxf8 {White mates.} Bg5+ 49. Kc2 Bh6 50. Re8 Kb6 51. f8=Q Bxf8 52. Rxf8 {[%mdl 4096] Endgame KR-KB} Kc7 53. Rf7+ Kc8 54. h4 Kd8 55. h5 Bc8 56. Ra7 Ke8 57. h6 Kf8 58. Ra8 Kg8 59. Rxc8+ {KR-KP} Kh7 60. Rc6 Kg6 61. Rxd6+ Kg5 62. Ra6 Kf4 63. Rxa5 Kxe4 64. Rxc5 {KR-KPP} Kd4 65. Rb5 e4 66. Rxb4 {KR-KP} e3 67. Rb7 e2 68. Re7 e1=Q 69. Rxe1 {KR-K} Kc5 70. Re3 Kd4 {[#]} 71. h7 $1 Kc5 72. h8=Q Kb4 73. Qc3+ Ka3 74. d6 {[%cal Rc3a5]} Kxa2 75. Qa5# {Accuracy: White = 50%, Black = 35%.} 1-0

[Event "Stay Safe Play From Home 229"]
[Site "Emanuel Lasker Arena"]
[Date "2020.06.16"]
[Round "9"]
[White "Lamborghini"]
[Black "Rachomtbg"]
[Result "1-0"]
[WhiteElo "2260"]
[BlackElo "1936"]
[Annotator "TA"]
[PlyCount "69"]
[EventDate "2020.06.16"]
[EventType "swiss (blitz)"]

{[%evp 22,69,5,0,0,0,0,-1,4,-21,-20,-17,-13,-19,-20,-34,0,-6,-9,-21,0,-15,-29,-126,0,-33,498,0,0,-13,31,24,338,342,341,341,497,297,412,325,363,230,357,-29,-31,-32,-6,-6,0,-28]} 1. e4 c5 2. Nf3 d6 3. d4 cxd4 4. Nxd4 Nf6 5. Nc3 g6 6. Be2 Bg7 7. O-O O-O 8. Re1 Nc6 9. Nb3 a6 10. Bf1 Bd7 11. Bg5 Rc8 12. Nd5 Nxd5 {B70: Sicilian Dragon: 6 g3 and 6 Be2 (without a later Be3).} 13. exd5 Ne5 14. c3 h6 15. Bh4 {[#]} Re8 $146 ({Predecessor:} 15... g5 16. Bg3 f5 17. f4 gxf4 18. Bxf4 Qe8 19. Be2 Qg6 20. Bh5 Qf6 21. Nd4 b5 {1-0 (61) Pastuszko,K-Lei,T Kemer 2007}) 16. Qd2 Nc4 17. Bxc4 Rxc4 18. Bg3 Kh7 19. h3 b5 20. Qe2 Qc8 21. Nd2 Rc7 22. Ne4 {[#]} (22. a3 $11 {remains equal.}) 22... Rc4 (22... b4 $1 $17 {[%mdl 512] And now ...f5 would win.} 23. cxb4 Rc2) 23. Rad1 Bf5 $2 {[%mdl 8192] [#]} (23... Ra4 $15) 24. Nd2 $2 (24. Nxd6 $1 $18 {[%mdl 512]} exd6 25. Qxe8) 24... Rc7 $11 25. Bf4 h5 26. Nf3 Bxh3 $2 {[%mdl 8192]} (26... Bd7 $11 {and Black is okay.}) 27. Ng5+ $18 Kg8 28. Nxh3 Rc4 {[#]} (28... Rd8 $142 29. a3 Qf5) 29. Be3 (29. Bxd6 $142 $1 {[%mdl 512]} e5 (29... exd6 30. Qxe8+) 30. Bb4) 29... Rg4 30. Bd4 Bxd4 31. Rxd4 Qf5 (31... Rxd4 {might work better.} 32. cxd4 Qf5) 32. Rxg4 $2 ({Better is} 32. Rd3 $18) 32... hxg4 $11 33. Qe4 gxh3 34. Qxf5 gxf5 35. g3 {[%mdl 32768] Accuracy: White = 50%, Black = 40%. . Loss on time!?} 1-0

[Event "Stay Safe Play From Home 229"]
[Site "Emanuel Lasker Arena"]
[Date "2020.06.16"]
[Round "9"]
[White "SoulofWolf"]
[Black "SecantFX"]
[Result "1-0"]
[WhiteElo "2196"]
[BlackElo "1865"]
[Annotator "NA RC"]
[PlyCount "91"]
[EventDate "2020.06.16"]
[EventType "swiss (blitz)"]

1. d4 {[%emt 0:00:01]} b6 {[%emt 0:00:00]} 2. Nf3 {[%emt 0:00:00]} Bb7 {[%emt 0:00:00]} 3. g3 {[%emt 0:00:00]} c6 {[%emt 0:00:01]} 4. Bg2 {[%emt 0:00:00]} e6 {[%emt 0:00:00]} 5. O-O {[%emt 0:00:00]} Nf6 {[%emt 0:00:00]} 6. e4 {[%emt 0:00:00]} Be7 {[%emt 0:00:00]} 7. e5 {[%emt 0:00:00]} Nd5 {[%emt 0:00:01]} 8. c4 {[%emt 0:00:01]} Nc7 {[%emt 0:00:00]} 9. b3 {[%emt 0:00:01]} O-O {[%emt 0:00:01]} 10. Bb2 {[%emt 0:00:00]} g6 {[%emt 0:00:01]} 11. Nbd2 {[%emt 0:00:00]} d5 {[%emt 0:00:02]} 12. Ne4 {[%emt 0:00:00]} dxe4 {[%emt 0:00:01]} 13. Ng5 {[%emt 0:00:01]} Bxg5 {[%emt 0:00:02]} 14. Qg4 {[%emt 0:00:01]} Bh6 {[%emt 0:00:03]} 15. h4 {[%emt 0:00:01]} f5 {[%emt 0:00:02]} 16. exf6 {[%emt 0:00:01]} Qxf6 {[%emt 0:00:01]} 17. Bxe4 {[%emt 0:00:00]} Bg7 {[%emt 0:00:01]} 18. Rab1 {[%emt 0:00:02]} Bc8 {[%emt 0:00:01]} 19. d5 {[%emt 0:00:01]} e5 {[%emt 0:00:01]} 20. Qe2 {[%emt 0:00:01]} Bd7 {[%emt 0:00:05]} 21. a4 {[%emt 0:00:03]} Nba6 {[%emt 0:00:02]} 22. f4 {[%emt 0:00:01]} Qe7 {[%emt 0:00:07]} 23. dxc6 {[%emt 0:00:01]} Bh3 {[%emt 0:00:03]} 24. Rfd1 {[%emt 0:00:03]} Nc5 {[%emt 0:00:01]} 25. Bc2 {[%emt 0:00:02]} Rae8 {[%emt 0:00:02]} 26. Re1 {[%emt 0:00:02]} Qf7 {[%emt 0:00:03]} 27. b4 {[%emt 0:00:03]} N5e6 {[%emt 0:00:02]} 28. fxe5 {[%emt 0:00:02]} Qf3 {[%emt 0:00:02]} 29. Qxf3 {[%emt 0:00:05]} Rxf3 {[%emt 0:00:00]} 30. Kh2 {[%emt 0:00:00]} Bg4 {[%emt 0:00:01]} 31. Kg2 {[%emt 0:00:02]} h5 {[%emt 0:00:01]} 32. Rf1 {[%emt 0:00:01]} Ref8 {[%emt 0:00:01]} 33. Rxf3 {[%emt 0:00:01]} Bxf3+ {[%emt 0:00:01]} 34. Kg1 {[%emt 0:00:01]} Bg4 {[%emt 0:00:01]} 35. Re1 {[%emt 0:00:01]} Bf5 {[%emt 0:00:01]} 36. Bd1 {[%emt 0:00:02]} Ne8 {[%emt 0:00:03]} 37. Be2 {[%emt 0:00:04]} N8c7 {[%emt 0:00:00]} 38. Bf1 {[%emt 0:00:01]} Nd8 {[%emt 0:00:00]} 39. Bg2 {[%emt 0:00:01]} Bd7 {[%emt 0:00:01]} 40. cxd7 {[%emt 0:00:01]} Nde6 {[%emt 0:00:01]} 41. Bd5 {[%emt 0:00:01]} Rd8 {[%emt 0:00:01]} 42. c5 {[%emt 0:00:02]} bxc5 {[%emt 0:00:01]} 43. bxc5 {[%emt 0:00:00]} Rxd7 {[%emt 0:00:00]} 44. Bc3 {[%emt 0:00:02]} Rxd5 {[%emt 0:00:01]} 45. Bb4 {[%emt 0:00:01]} Nxc5 {[%emt 0:00:02]} 46. Bc3 {[%emt 0:00:01] Time} 1-0

[Event "Stay Safe Play From Home 229"]
[Site "Emanuel Lasker Arena"]
[Date "2020.06.16"]
[Round "9"]
[White "Lazieri3"]
[Black "Edmatuag"]
[Result "1-0"]
[WhiteElo "2098"]
[BlackElo "1676"]
[Annotator "TA"]
[PlyCount "85"]
[EventDate "2020.06.16"]
[EventType "swiss (blitz)"]

{[%evp 9,85,55,150,92,108,116,103,0,48,50,72,20,64,44,120,26,12,21,42,7,59,61,53,53,83,85,234,83,98,90,152,73,157,143,200,212,216,208,240,234,236,235,237,131,134,131,131,131,131,127,133,129,135,135,128,110,101,76,83,83,83,83,83,83,449,435,633,626,1908,1632,1790,1676,1781,1449,1444,1816,2346,992]} 1. e4 e6 2. Nc3 d6 3. d4 Nf6 4. Nf3 {[#]} e5 $146 ({Predecessor:} 4... Be7 5. Bd3 Nc6 6. h3 O-O 7. a3 e5 8. Be3 exd4 9. Nxd4 Nd7 10. Nd5 Nb6 11. Nxc6 bxc6 12. Nxe7+ Qxe7 {0-1 (31) Cornette,D (2429)-Lenderman,A (2581) London 2016}) 5. Bc4 Be6 (5... exd4 $14 6. Nxd4 (6. Qxd4 Nc6 $14) 6... Be7) 6. dxe5 {B07: Pirc Defence: Miscellaneous Systems.} (6. Bxe6 $142 fxe6 7. dxe5 dxe5 8. Qxd8+ (8. Nxe5 Qxd1+ 9. Kxd1 Bd6 $16) 8... Kxd8 9. Nxe5) 6... Bxc4 $16 7. exf6 Qxf6 8. b3 (8. Bg5 $16 Qe6 9. b3) 8... Be6 9. Bb2 Qg6 10. Rg1 (10. O-O $16) 10... Nd7 11. Qd2 Ne5 (11... O-O-O $14) 12. Nxe5 (12. O-O-O $16 {aiming for Nb5.} Nc6 13. Nd5) 12... dxe5 $11 13. O-O-O {[#] Threatens to win with Nb5!} Bb4 14. Qe3 O-O (14... f6 $11) 15. Nd5 $14 Bxd5 16. Rxd5 c6 17. Rxe5 {Black must now prevent Rg5.} Rfe8 (17... h6 $16 {might work better.}) 18. Rxe8+ $2 (18. Rg5 $18 Qxe4 19. Rxg7+ Kf8 20. Bf6) 18... Rxe8 $16 19. f3 Be7 ({Black should try} 19... b6) 20. Qf2 ({Much worse is} 20. Qxa7 $6 Qg5+ 21. f4 (21. Kb1 Bc5 $11 {[%mdl 64] Double Attack}) 21... Qxf4+ 22. Kb1 Qxh2 $11) ({White should play} 20. Rd1) 20... Bg5+ (20... Qh6+ $142 21. Kb1 Qxh2) 21. Kb1 Bf4 (21... Qh6 $16 {was necessary.}) 22. g3 $18 ({Don't take} 22. Qxa7 $6 Bxh2 23. Re1 h5 $16) 22... Bb8 23. Rd1 h6 24. Qd4 f6 25. Qd7 Qf7 26. Qxf7+ (26. Qh3 $18) 26... Kxf7 {[%mdl 4096] Endgame KRB-KRB} 27. Rd7+ Re7 28. Rxe7+ Kxe7 $16 {KB-KB} 29. Kc1 h5 30. Kd2 h4 31. gxh4 Bxh2 32. Ke3 g6 33. Ke2 Bg3 34. Ba3+ Ke6 {[#]} 35. Bc5 $1 b6 36. Bf2 Bxf2 $2 {[%mdl 8192]} (36... Bc7 $16) 37. Kxf2 {KP-KP. White is clearly winning.} Ke5 (37... c5 $142 38. Ke2 Ke5) 38. Ke3 $18 f5 39. f4+ Ke6 40. e5 c5 41. Kd3 b5 42. c3 a6 43. a3 {Accuracy: White = 61%, Black = 37%.} (43. b4 $142 Kd5 44. a3) 1-0